| 000 | 00622nam a2200193Ia 4500 | ||
|---|---|---|---|
| 003 | GCL | ||
| 008 | 140319s9999 xx 000 0 ara d | ||
| 040 |
_aGCL / _cGCL |
||
| 082 | 0 | 4 |
_a321.09 _bغ ث |
| 100 | 1 | _aغالى شكرى | |
| 245 | 1 | 0 |
_aالثورة المضادة فى مصر / _cغالى شكرى |
| 300 | _a539 ص | ||
| 490 |
_aالهيئة العامة للاستعلامات _v0 |
||
| 650 | 0 | 4 | _aالاحوال السياسية |
| 650 | 0 | 4 | _aالسياسة |
| 650 | 0 | 4 | _aمصر - الاحوال السياسية |
| 650 | 0 | 4 | _aمصر - تاريخ - العصر الحديث (1805 - 1956 ) |
| 942 |
_2ddc _cBK |
||
| 999 |
_c50195 _d50195 |
||